| 000 | 01583nam0a2200325 4500 | ||
|---|---|---|---|
| 001 | RU\NLR\bibl\79379 | ||
| 005 | 20260407075918.0 | ||
| 010 |
_a5-230-10583-1 _9150 |
||
| 021 |
_aRU _b1999-49817 _92472 |
||
| 035 | _a(NLR Aleph) 000077485 | ||
| 090 |
_a430072 _c430072 |
||
| 100 | _a20000407d1999 |||y0rusy50 ca | ||
| 101 | 0 | _arus | |
| 102 | _aRU | ||
| 105 | _aa ||||||||| | ||
| 200 | 1 |
_aИнформационные системы управления в лесном комплексе _eМатериалы науч.-техн. конф., 26 нояб. 1999 г. _f[Редкол.: Э.О. Салминен, к.т.н., проф., чл.-корр. междунар. акад. информатизации - отв. ред. и др.] |
|
| 210 |
_aСПб. _cСПбЛТА _d1999 |
||
| 215 |
_a136 с. _cил. _d21 |
||
| 300 | _aВ надзаг.: М-во образования Рос. Федерации, М-во экономики Рос. Федерации, С.-Петерб. гос. лесотехн. акад. | ||
| 320 | _aБиблиогр. в конце докл. | ||
| 606 | 0 |
_aЛесные комплексы _jСъезды, совещания и т.п. _xУправление _91480475 _3RU\NLR\auth\66630145 |
|
| 686 | _aУ34(2)-434-21я431 | ||
| 702 | 1 |
_aСалминен _bЭ. О. _4340 |
|
| 712 | 0 | 1 |
_4570 _aРоссийская Федерация _bМинистерство образования _3RU\NLR\AUTH\884572 _9280683 |
| 801 | 0 |
_aRU _bNLR _c20000407 _gPSBO |
|
| 801 | 1 |
_aRU _bNLR _c20000407 |
|
| 852 |
_aNLR _j2000-3/1081 |
||
| 942 | _cBOOK | ||
| 980 | _aNB | ||